Statistics for Reverse Dictionary #53

Click here to take the quiz!

General Stats

  • This quiz has been taken 22 times
  • The average score is 15 of 25

Answer Stats

DefinitionFirst
Letter
Word% Correct
An area of low, wet land, often with tall grass.MMarsh
100%
(geometry) An imaginary line around which an object spins or is symmetrically arranged.AAxis
95%
A mythical being with magical powers, known in many sizes and descriptions, although often depicted in modern illustrations only as a small sprite with gauze-like wings, and revered in some modern forms of paganism.FFairy
90%
The body with the power to make and/or enforce laws to control a country, land area, people or organization.GGovernment
86%
A device made from a mesh of string, cord or rope, used for catching fish, butterflies, etc.NNet
86%
To apply a force to (an object) such that it moves away from the person or thing applying the force.PPush
86%
A lustrous, white, metallic element, atomic number 47, atomic weight 107.87, symbol Ag.SSilver
86%
The usually single, more or less upright part of a tree, between the roots and the branches.TTrunk
86%
(followed by to) To be part of, or the property of.BBelong
81%
Any tinge of red colour like that produced on the cheeks by a sudden rush of blood.FFlush
81%
A mounted person.RRider
81%
In the early part of growth or life; born not long ago.YYoung
81%
The terminal point of something in space or time.EEnd
71%
A set region of land having particular human occupation or agreed limits, especially inhabited by members of the same race, speakers of the same language etc., or associated with a given person, occupation, species etc.CCountry
62%
To divide fully or partly along a more or less straight line.SSplit
62%
To lower into a liquid.DDip
52%
A prepared channel in a surface, especially at the side of a road adjacent to a curb, intended for the drainage of water.GGutter
52%
A storage closet either separate from, or built into, a wall; a cupboard.CCabinet
48%
The quality of having extraordinary mental capacity.BBrilliance
33%
To stop or pause respecting decision or action; to be in suspense or uncertainty as to a determination.HHesitate
33%
An uncomplaining acceptance of something undesirable but unavoidable.RResignation
29%
To find out definitely; to discover or establish.AAscertain
24%
To call out; to draw out or bring forth; to elicit.EEvoke
19%
To give a false or misleading account of.DDistort
5%
A papal decree prohibiting the administration of the sacraments from a political entity under the power of a single person (e.g., a king or an oligarchy with similar powers).IInterdict
5%

Score Distribution

Percentile by Number Answered

Percent of People with Each Score

Your Score History

You have not taken this quiz